00977nam a22002777a 450000500170000001000130001702000230003003500130005303700160006604000120008208200170009410000300011124501130014124600060025426000400026027000410030030000260034150000320036765000230039965000230042270000320044570000370047794200260051499900190054095201400055920170124110159.0 aA-390627 c100.00a8171100198 aA-390627 bCen Lib/Ret aDPLbEN a181.432bBAL aBallantyne, J. R. 935711 aYoga-sutras of pantanjali /cby J. R. Ballantyne [and] Govind Sastry Deva; edited by Ashok Chatterjee Satri  b  bParimal Publications aDelhi c1990 bDelhi a27/28, shakti nagar e110007 axlvi, 158p.c19cm(Hb) aIncludes appendix and index aPhilosophy 971868 aYoga-sutra 935713 aDeva, Govind Sastry 971869 aSastri, Ashok chatterjee 971870 2ddccENh181.432mBAL c132777d132777 00104070aLbLd2015-07-23eCen Lib/Retg100.00l2o181.432 BALpA-390627r2022-01-31 00:00:00s2022-01-18t1v100.00w2015-07-23yEN